00919nam a2200253 a 450000100060000000300080000600500170001400800410003103500190007204000410009104100080013208200250014010000260016524500800019126000430027130000350031449000340034950000180038365000550040183000420045694200120049899900170051095201380052751064BD-RjUL20211209075615.0160829s1965 maua b 001 0 eng c a(BD-RjUL)51184 aDLC/ICUcCGUdUKMdEQOdBD-RjULbeng aeng0 a515.35223bCOS 19651 aCoppel, W. A.915275310aStability and asymptotic behavior of differential equations /cW.A. Coppel. aBoston :bD. C. Heath and com.,cc1965 aviii, 166 p. :bill. ;c24 cm.1 aHeath mathematical monographs aInclude index 0aDifferential equationsxAsymptotic theory.9152754 0aHeath mathematical monographs9154932 2ddccBK c51064d51064 00102ddc40708NFICaRUCLbRUCLcStackd1968-12-10eZeitlingerg60.00l0o515.35 COS 1965r2016-08-29 00:00:00tC-2w2016-08-29yBK